00552nam a2200181Ia 450000500170000000800410001704000190005804100120007708200190008924500770010825000120018526000470019730000220024450400400026665000230030670000310032985000100036020230109151748.0131103s9999 xx 000 0 und d aLoreto College aEnglish a821.3bTOT-ROL aTottel's miscellany (1557 - 1587) Vol IIcedited by Hyder Edward Rollins arev.ed. aCambridge bHarvard University Pressc1965 a2 V. (ix,395 p.)  aIncludes notes and glossarial index aEnglish Literature aRollins, Hyder Edward; ed. aLCLIB